000 00203 a2200085 4500
020 _a978-9380856049
100 _a P. Jaya Rami Reddy
245 _aA Textbook of Hydrology
260 _bLaxmi Publications
_c2016
999 _c13196
_d13196